000 00675nam a22001937a 4500
010 _aB-529806
020 _a97893882618348
_c350.00
035 _aB-529806
037 _bUBH
082 _aN
100 _aAmish
245 _aThe oath of the Vayuputras/
_cby Amish
260 _aChennai
_bWestland
_c2013
270 _a61, Silverline Building, 2nd floor, Alapakkam Main Road Mauravoyal
_bChennai
_e600095
300 _a575p
_c20cm(pb)
490 _aShiva Trilogy 3
942 _2ddc
_cEN
_hN
_mAMI
999 _c83713
_d83713